| 000 | 00618nam a2200241Ia 4500 | ||
|---|---|---|---|
| 003 | OSt | ||
| 005 | 20221005043652.0 | ||
| 006 | a|||||r|||| 00| 0 | ||
| 007 | ta | ||
| 008 | 221004b |||||||| |||| 00| 0 eng d | ||
| 024 | _a56669 | ||
| 037 | _cTextual | ||
| 040 |
_aCRL _cCRL _beng |
||
| 041 |
_2eng _aeng |
||
| 082 | _aU.4.g7Ha, M1 | ||
| 100 | _aGupta R K | ||
| 245 | 0 | _aBibliography of the Himalayas | |
| 260 |
_aGurgaon _bIndian Documentation Service _c1981 |
||
| 300 |
_a373p. _ccm. |
||
| 650 | _aGEOGRAPHY | ||
| 942 |
_hU.4.g7Ha, M1 _cTEXL _2cc |
||
| 999 |
_c952222 _d952222 |
||